Faculty of Law Library — Cairo University

Official Online Catalog

الطب الشرعى وأدلته الفنية ودوره الفنى فى البحث عن الجريمة / (Record no. 56482)

MARC details
000 -LEADER
fixed length control field 01939nam a2200313 i 4500
003 - CONTROL NUMBER IDENTIFIER
control field EG-GICUC
005 - DATE AND TIME OF LATEST TRANSACTION
control field 20260206052744.0
008 - FIXED-LENGTH DATA ELEMENTS--GENERAL INFORMATION
fixed length control field 260112s2008 ua j|||fr|||| 00| 0 ara d
040 ## - CATALOGING SOURCE
Original cataloging agency EG-GICUC
Language of cataloging ara
Transcribing agency EG-GICUC
Modifying agency EG-GICUC
Description conventions rda
041 0# - LANGUAGE CODE
Language code of text/sound track or separate title Ara
082 04 - DEWEY DECIMAL CLASSIFICATION NUMBER
Edition number 21
Classification number 343.83
Item number ع ب . ط
092 04 - LOCALLY ASSIGNED DEWEY CALL NUMBER (OCLC)
Edition number 21
099 ## - LOCAL FREE-TEXT CALL NUMBER (OCLC)
Classification number Law1 10 343.83 ع ب . ط 2008
100 0# - MAIN ENTRY--PERSONAL NAME
Personal name عبدالحميد المنشاوى
Relator term مؤلف.
245 12 - TITLE STATEMENT
Title الطب الشرعى وأدلته الفنية ودوره الفنى فى البحث عن الجريمة /
Statement of responsibility, etc. تأليف المستشار عبدالحميد المنشاوى .
264 #1 - PRODUCTION, PUBLICATION, DISTRIBUTION, MANUFACTURE, AND COPYRIGHT NOTICE
Place of production, publication, distribution, manufacture الإسكندرية :
Name of producer, publisher, distributor, manufacturer دار الجامعة الجديدة،
Date of production, publication, distribution, manufacture, or copyright notice 2008.
300 ## - PHYSICAL DESCRIPTION
Extent 1073صفحة :
Other physical details جداول؛
Dimensions 24 سم.
336 ## - CONTENT TYPE
Source rda content
Content type term text
337 ## - MEDIA TYPE
Source rda media
Media type term Computer
338 ## - CARRIER TYPE
Source rda carrier
Carrier type term Online Resource
500 ## - GENERAL NOTE
General note التغيرات الرمية التى تحدث عقب الوفاة والإستعراف (تحقيق الشخصية) الجروح وأنواعها وأسبابها.حوادث الحريق وأسبابها وطرق كشفها الإسفكسيا بأنواعها المختلفة.العاهات المستديمة. الحالات الجنسية جنائيا ومدنيا الإجهاض وأطفال حديثى الولادة.الحجر والجنون بأنواعه والكشف الطبى فى قضايا الحجر.وتقارير الصفة التشريحية ونماذجها السموم وأنواعها وطرق الكشف عنها التزييف والتزوير والأساليب الفنية فى الكشف عنهما والنظام القانونى لهما.
546 ## - LANGUAGE NOTE
Language note النص باللغة العربية
650 1# - SUBJECT ADDED ENTRY--TOPICAL TERM
Topical term or geographic name entry element الطب الشرعى
Source of heading or term qrmak
650 1# - SUBJECT ADDED ENTRY--TOPICAL TERM
Topical term or geographic name entry element القانون الجنائى
Source of heading or term qrmak
651 1# - SUBJECT ADDED ENTRY--GEOGRAPHIC NAME
Source of heading or term qrmak
856 40 - ELECTRONIC LOCATION AND ACCESS
Uniform Resource Identifier <a href="https://fll.law.cu.edu.eg/fulltext/bks/B10-07744.pdf">https://fll.law.cu.edu.eg/fulltext/bks/B10-07744.pdf</a>
905 ## - Cataloger and Reviser Names
Cataloger Name: Yasmin Sayed
Revisor Name: Yara
942 ## - ADDED ENTRY ELEMENTS (KOHA)
Source of classification or shelving scheme Dewey Decimal Classification
Koha item type Books
Edition 21
Suppress in OPAC No
Holdings
Withdrawn status Lost status Source of classification or shelving scheme Damaged status Not for loan Collection Home library Current library Date acquired Total checkouts Full call number Barcode Date last seen Copy number Price effective from Koha item type
    Dewey Decimal Classification   Not for loan القانون الجنائي جــــامعة القــاهرة مكتبة كلية الحقوق - المبنى الرئيسي 12.01.2026   Law1 10 343.83 ع ب . ط 2008 1007744 C1 B10-07744 12.01.2026 1 12.01.2026 Books

© All rights reserved — Faculty of Law, Cairo University